000 00817cam a22002773a 4500
001 24808
003 PGUSA
005 20140828083532.0
008 080311s2008||||xxu|||||s|||||000 | eng d
040 _aPGUSA
_beng
042 _adc
050 4 _aVK
050 4 _aF1001
100 1 _aWood, William Charles Henry,
_d1864-1947
245 1 0 _aAll Afloat :
_bA Chronicle of Craft and Waterways
_h[electronic resource] /
_cWilliam Charles Henry Wood
260 _bProject Gutenberg,
_c2008
506 _aPublic domain in the USA.
516 _aElectronic text
653 _aInland navigation -- Canada
653 _aNavigation -- History
653 _aCanada -- History
653 _aFisheries -- Canada
830 0 _aProject Gutenberg
_v24808
856 4 0 _uhttp://www.gutenberg.org/ebooks/24808
942 _cEB
999 _c254063
_d254063